Online
Catalog

Texto auxiliar de geografía evolutiva para el trazado de mapas en las escuelas por el procedimiento de longitudes y latitudes : (Record no. 30918)

MARC details
000 -CABECERA
campo de control de longitud fija 00586nam a2200157 a 4500
001 - NÚMERO DE CONTROL
campo de control 000031426
005 - FECHA Y HORA DE LA ÚLTIMA TRANSACCIÓN
campo de control 20200930062924.0
008 - DATOS DE LONGITUD FIJA--INFORMACIÓN GENERAL
campo de control de longitud fija 110622s1934 dr r 000 0 spa d
040 ## - FUENTE DE LA CATALOGACIÓN
Centro catalogador/agencia de origen DO-SdBNP
Lengua de catalogación spa
Centro/agencia transcriptor BNPHU
082 ## - NÚMERO DE LA CLASIFICACIÓN DECIMAL DEWEY
Número de clasificación xxxx
Número de documento/Ítem xxxx
100 1# - ENTRADA PRINCIPAL--NOMBRE DE PERSONA
Nombre de persona Ortega, Augusto
9 (RLIN) 57816
245 10 - MENCIÓN DE TÍTULO
Título Texto auxiliar de geografía evolutiva para el trazado de mapas en las escuelas por el procedimiento de longitudes y latitudes :
Resto del título Augusto Ortega.
260 ## - PUBLICACIÓN, DISTRIBUCIÓN, ETC.
Lugar de publicación, distribución, etc. Santiago de los Caballeros :
Nombre del editor, distribuidor, etc. Tip. Corazón de Jesús,
Fecha de publicación, distribución, etc. 1934.
300 ## - DESCRIPCIÓN FÍSICA
Extensión v. : ;
Dimensiones 21 cm.
500 ## - NOTA GENERAL
Nota general La biblioteca solo posee el tomo III
Holdings
Estado de retiro Estado de pérdida Restricciones de uso No para préstamo Código de colección Localización permanente Ubicación/localización actual Ubicación en estantería Fecha de adquisición Número de inventario Total de préstamos Signatura topográfica completa Código de barras Fecha visto por última vez Precio válido a partir de Tipo de ítem Koha Nota pública
      Excluido de préstamo Raros y valiosos Patrimonio Dominicano Patrimonio Dominicano En catalogación 22.06.2011 LF1   xxxx xxxx 31426-10 25.06.2020 25.06.2020 No se presta Perteneció a la colección de Carlos Larrazabal Blanco

Powered by Koha